All 100k+ Cities in South America on a Map - Statistics

General Stats
  • This quiz has been taken 1,176 times
  • The average score is 87 of 562
Answers on the Map
Answers color-coded by a green-red scale on the quiz's map according to % correct below.
 
Answer Stats
City Population % Correct
Rio de Janeiro 6,211,164
94%
Santiago 5,220,161
93%
Bogotá 7,876,000
92%
Buenos Aires 2,890,151
92%
Lima 10,004,100
92%
São Paulo 11,434,786
92%
Caracas 2,087,700
91%
Brasília 2,718,082
90%
Montevideo 1,304,687
90%
Quito 1,763,275
90%
La Paz 758,845
89%
Medellín 2,553,600
86%
Asunción 462,241
83%
Manaus 2,043,677
82%
Cali 2,234,400
79%
Córdoba 1,310,394
79%
Sucre 238,798
79%
Georgetown 118,369
78%
Recife 1,488,920
78%
Paramaribo 240,924
77%
Porto Alegre 1,330,428
77%
Salvador 2,417,678
77%
Fortaleza 2,428,708
75%
Guayaquil 2,650,288
75%
Belém 1,296,633
72%
Belo Horizonte 2,315,560
72%
Bello 546,900
71%
Santa Cruz de la Sierra 1,442,396
71%
Santa Cruz do Sul 117,692
71%
Barranquilla 1,322,900
70%
Rosario 948,312
68%
Maracaibo 2,262,600
67%
Curitiba 1,773,718
63%
Cartagena 931,500
61%
Cusco 492,400
60%
Valparaíso 252,888
60%
Valparaíso de Goiás 198,861
60%
Valencia 1,585,500
59%
Arequipa 1,125,400
58%
Natal 751,300
56%
Mendoza 114,893
53%
Goiânia 1,435,186
51%
São Luís 1,029,939
51%
Cochabamba 632,013
50%
Campinas 1,132,934
49%
Florianópolis 534,827
46%
Santos 418,295
45%
São José 269,449
44%
Trujillo 1,025,100
44%
Antofagasta 352,638
43%
San Juan 109,123
41%
San Juan de los Morros 151,600
41%
Barcelona 454,200
40%
Salta 518,948
40%
Concepción 219,057
38%
Santa Fe 391,164
37%
Vitória 322,869
37%
Barquisimeto 1,089,100
36%
Bucaramanga 605,000
36%
Campo Grande 884,168
35%
Iquitos 430,700
35%
João Pessoa 833,387
35%
La Plata 191,075
35%
Santa Maria 260,977
35%
Ciudad Bolívar 425,000
34%
Mar del Plata 546,809
34%
San Miguel 168,762
34%
Punta Arenas 125,932
33%
Maceió 957,593
32%
San Miguel de Tucumán 548,866
32%
Teresina 821,364
32%
Boa Vista 402,169
31%
Cuiabá 635,828
31%
Maracay 464,700
30%
Potosí 176,022
30%
Viña del Mar 334,248
29%
Ciudad Guayana 893,400
28%
El Alto 846,880
28%
San Luis 169,947
28%
Santa Marta 496,800
28%
Uberlândia 701,730
28%
Arica 204,078
27%
Bahía Blanca 274,082
27%
Callao 1,171,600
27%
Ciudad del Este 325,819
27%
Cúcuta 777,400
27%
Porto Velho 393,950
27%
Ica 325,700
26%
Aracaju 602,743
25%
Cuenca 361,524
25%
Guarulhos 1,291,152
25%
Macapá 416,423
25%
San Salvador de Jujuy 257,970
25%
Iquique 189,065
24%
Rio Branco 341,025
24%
Salto 104,011 | 132,758
24%
Chiclayo 663,200
23%
La Serena 196,178
23%
Neuquén 231,198
23%
Oruro 264,943
23%
Paraná 247,139
23%
Piura 547,100
23%
Puerto Montt 171,136
23%
Duque de Caxias 806,209
22%
Formosa 103,467 | 222,226
22%
Los Ángeles 143,563
22%
Foz do Iguaçu 283,803
21%
Joinville 597,288
21%
Londrina 532,324
21%
Palmas 291,175
21%
Puno 136,800
21%
Santo Domingo de los Colorados 334,826
21%
Comodoro Rivadavia 175,196
20%
Huancayo 450,900
20%
Pereira 406,700
20%
Santarém 255,578
20%
São Caetano do Sul 165,655
20%
Tacna 334,000
20%
Temuco 236,377
20%
Valdivia 150,727
20%
Madrid 128,600
19%
Mérida 289,800
19%
Pasto 319,700
19%
San Cristóbal 284,600
19%
Santa Rosa 102,860
19%
São Gonçalo 896,488
19%
Ayacucho 240,100
18%
Corrientes 346,334
18%
Petrópolis 270,361
18%
Rio Grande 180,466
18%
Caxias 121,275
17%
Caxias do Sul 443,287
17%
Esmeraldas 155,487
17%
Feira de Santana 572,971
17%
Ibagué 503,600
17%
Manta 258,697
17%
Posadas 305,874
17%
Resistencia 290,723
17%
Ribeirão Preto 696,033
17%
San Carlos de Bariloche 107,788
17%
San Fernando de Apure 166,400
17%
São Bernardo do Campo 806,963
17%
São José dos Campos 686,775
17%
Talca 237,295
17%
Villavicencio 531,600
17%
Armenia 300,200
16%
Blumenau 351,597
16%
Cajamarca 227,600
16%
La Rioja 178,872
16%
Nova Iguaçu 782,611
16%
Buenaventura 249,700
15%
Calama 158,487
15%
Campina Grande 400,303
15%
Campos dos Goytacazes 421,919
15%
Coro 231,600
15%
Juiz de Fora 531,608
15%
Juliaca 316,900
15%
Maringá 397,350
15%
Maturín 508,200
15%
Montería 407,500
15%
Pelotas 305,656
15%
Puente Alto 568,094
15%
San Carlos de Austria 107,100
15%
Santa Bárbara d'Oeste 182,330
15%
Sorocaba 718,444
15%
Tarija 179,561
15%
Trinidad 101,628
15%
Tumbes 110,600
15%
Uberaba 330,362
15%
Anápolis 388,195
14%
Copiapó 150,962
14%
Loja 203,496
14%
Niterói 481,749
14%
Petrolina 347,192
14%
Soledad 675,100
14%
Toledo 132,772
14%
Valledupar 490,300
14%
Chillán 164,574
13%
Chimbote 395,100
13%
Coquimbo 205,760
13%
Imperatriz 262,000
13%
Manizales 430,300
13%
Neiva 354,800
13%
Osasco 728,606
13%
Osorno 147,826
13%
Popayán 278,000
13%
Santiago del Estero 252,192
13%
São Carlos 247,628
13%
Soacha 778,400
13%
Betim 409,949
12%
Chapecó 241,738
12%
Curicó 126,092
12%
Machala 288,072
12%
Novo Hamburgo 222,122
12%
Pucallpa 396,400
12%
San Fernando del Valle de Catamarca 159,139
12%
Vila Velha 458,164
12%
Ambato 177,316
11%
Aparecida de Goiânia 527,178
11%
Bauru 368,721
11%
Cabo Frio 221,102
11%
Concordia 141,920
11%
Franca 347,312
11%
Governador Valadares 241,135
11%
Huaraz 133,200
11%
Itu 160,865
11%
Juazeiro 185,413
11%
Juazeiro do Norte 276,678
11%
Jundiaí 429,315
11%
Marabá 239,719
11%
Mogi das Cruzes 416,743
11%
Olinda 349,976
11%
Portoviejo 244,129
11%
Presidente Prudente 216,227
11%
Quilmes 262,379
11%
Rancagua 231,890
11%
San Lorenzo 225,395
11%
Santa Luzia 216,561
11%
Santo André 746,358
11%
Serra 518,261
11%
Sincelejo 273,100
11%
Sinop 190,451
11%
Tunja 177,700
11%
Uruguaiana 109,257
11%
Balneário Camboriú 139,155
10%
Cascavel 330,482
10%
Contagem 621,016
10%
Criciúma 209,482
10%
Diadema 393,237
10%
Dourados 219,963
10%
Durán 295,211
10%
Ipatinga 227,128
10%
Macaé 230,276
10%
Montes Claros 391,608
10%
Mossoró 245,330
10%
Ponta Grossa 348,783
10%
Rio Verde 209,802
10%
Rondonópolis 236,064
10%
San Bernardo 291,610
10%
San Rafael 114,743
10%
São José do Rio Preto 476,448
10%
Sullana 208,100
10%
Vitória da Conquista 325,239
10%
Americana 236,829
9%
Barinas 356,800
9%
Cumaná 384,900
9%
Divinópolis 220,163
9%
Florencia 157,300
9%
Ibarra 157,941
9%
Itajaí 255,583
9%
Ji-Paraná 111,566
9%
Luque 259,705
9%
Mauá 416,971
9%
Porto Seguro 145,179
9%
Praia Grande 348,851
9%
Riohacha 163,500
9%
San Felipe 174,300
9%
São Vicente 329,607
9%
Tarapoto 169,800
9%
Yopal 164,900
9%
Ananindeua 477,298
8%
Bagé 113,727
8%
Barrancabermeja 188,200
8%
Belford Roxo 483,087
8%
Colombo 221,242
8%
Coronel 113,074
8%
El Tigre 215,800
8%
Floridablanca 323,300
8%
Huánuco 221,300
8%
Jaboatão dos Guararapes 639,384
8%
Lages 161,004
8%
Lanús 215,956
8%
Magé 225,431
8%
Montero 107,298
8%
Palmira 285,400
8%
Parnaíba 154,662
8%
Paulista 341,986
8%
Piracicaba 408,882
8%
Porlamar 126,500
8%
Puerto Maldonado 100,300
8%
Riobamba 177,213
8%
Rio Claro 194,230
8%
Suzano 303,500
8%
Volta Redonda 260,931
8%
Araçatuba 196,751
7%
Araraquara 238,418
7%
Buga 114,100
7%
Canoas 347,657
7%
Chía 133,900
7%
Cúa 165,600
7%
Envigado 238,600
7%
Guarujá 286,839
7%
Hortolândia 235,854
7%
Huacho 172,700
7%
Ilhéus 158,442
7%
Itabuna 183,648
7%
Itagüí 273,400
7%
Limeira 283,051
7%
Linhares 130,971
7%
Luziânia 201,126
7%
Maicao 130,000
7%
Marília 231,428
7%
Moreno 171,849
7%
Passo Fundo 201,545
7%
Puerto La Cruz 299,500
7%
Quibdó 121,700
7%
Rawson 100,037
7%
Sacaba 150,110
7%
Santa Lucía 126,400
7%
Santa Rita 131,472
7%
São Leopoldo 216,240
7%
Talcahuano 148,440
7%
Tandil 116,916
7%
Taubaté 305,526
7%
Teresópolis 137,937
7%
Tuluá 190,000
7%
Villa Mercedes 101,657
7%
Alto Hospicio 105,884
6%
Anaco 138,700
6%
Araxá 109,746
6%
Banfield 246,467
6%
Barreiras 143,943
6%
Barueri 316,358
6%
Bragança Paulista 164,358
6%
Brusque 138,926
6%
Cabimas 299,700
6%
Camaçari 293,928
6%
Cartago 138,200
6%
Caruaru 336,114
6%
Cotia 223,315
6%
Erechim 101,529
6%
Girón 155,700
6%
Gravataí 254,651
6%
Itapevi 228,691
6%
Jaú 122,696
6%
La Libertad 112,154
6%
Libertad 114,625
6%
Limpio 139,652
6%
Malambo 133,200
6%
Maricá 195,421
6%
Merlo 268,961
6%
Mogi Guaçu 145,208
6%
Nova Friburgo 166,162
6%
Ocaña 121,000
6%
Petare 441,700
6%
Puerto Ayacucho 116,300
6%
Punto Fijo 154,100
6%
Quevedo 177,792
6%
Quilpué 149,596
6%
Río Cuarto 157,010
6%
São João de Meriti 440,962
6%
Sobral 155,931
6%
Sogamoso 121,300
6%
Sumaré 278,311
6%
Três Lagoas 126,840
6%
Viamão 211,187
6%
Acarigua-Araure 356,700
5%
Angra dos Reis 158,638
5%
Apartadó 110,700
5%
Araguaína 166,572
5%
Arapiraca 216,413
5%
Atibaia 142,259
5%
Barbacena 110,675
5%
Capiatá 236,999
5%
Caucaia 312,190
5%
Chincha Alta 219,700
5%
Crato 102,562
5%
Embu das Artes 249,223
5%
Eunápolis 106,861
5%
Franco da Rocha 139,074
5%
Funza 109,900
5%
Guanare 175,400
5%
Guarapuava 158,026
5%
Guarenas 244,600
5%
Jacareí 234,905
5%
Jaraguá do Sul 171,556
5%
La Banda 106,441
5%
Lambaré 127,150
5%
Lavras 100,177
5%
Lomas de Zamora 112,580
5%
Ñemby 116,383
5%
Nilópolis 146,774
5%
Nova Lima 111,170
5%
Paranaguá 137,081
5%
Parnamirim 252,716
5%
Passos 107,413
5%
Patos de Minas 145,384
5%
Pedro Juan Caballero 114,944
5%
Pindamonhangaba 159,364
5%
Pinhais 127,019
5%
Puerto Cabello 191,000
5%
Resende 120,983
5%
San Justo 136,604
5%
San Pedro de la Paz 131,684
5%
Santana de Parnaíba 152,769
5%
São José dos Pinhais 309,323
5%
Sete Lagoas 216,377
5%
Trindade 139,492
5%
Tubarão 103,793
5%
Umuarama 107,590
5%
Valera 165,500
5%
Várzea Grande 296,557
5%
Várzea Paulista 115,437
5%
Villa Alemana 125,327
5%
Águas Lindas de Goiás 225,174
4%
Arapongas 116,879
4%
Araras 126,982
4%
Araucária 139,003
4%
Barcarena 104,487
4%
Bento Gonçalves 117,146
4%
Bernal 116,752
4%
Botucatu 138,211
4%
Cabo de Santo Agostinho 188,233
4%
Cachoeiro de Itapemirim 170,662
4%
Cagua 136,400
4%
Calabozo 155,200
4%
Campo Largo 118,228
4%
Caraguatatuba 132,970
4%
Carapicuíba 386,984
4%
Carúpano 159,300
4%
Castanhal 177,867
4%
Ciudad Ojeda 153,400
4%
Coronel Fabriciano 102,795
4%
Cubatão 112,336
4%
Dosquebradas 215,600
4%
Duitama 117,200
4%
Ejido 116,700
4%
El Limón 114,900
4%
Fernando de la Mora 110,255
4%
Girardot 115,600
4%
Guaratinguetá 113,199
4%
Guatire 180,500
4%
Indaiatuba 251,296
4%
Itaboraí 222,002
4%
Itaguaí 114,381
4%
Itanhaém 111,273
4%
Itaquaquecetuba 369,263
4%
Jamundí 142,000
4%
Lauro de Freitas 203,279
4%
La Victoria 112,900
4%
Maracanaú 230,955
4%
Mesquita 167,127
4%
Monte Grande 140,420
4%
Mosquera 149,500
4%
Ourinhos 102,054
4%
Palhoça 219,912
4%
Palo Negro 128,700
4%
Parauapebas 258,225
4%
Piedecuesta 158,200
4%
Poá 103,574
4%
Quillacollo 117,859
4%
Ribeirão das Neves 326,792
4%
Ribeirão Pires 113,651
4%
Sabará 122,967
4%
San Nicolás de los Arroyos 132,418
4%
São Lourenço da Mata 101,094
4%
Sarandi 117,880
4%
Taboão da Serra 273,542
4%
Teixeira de Freitas 137,729
4%
Temperley 111,179
4%
Teófilo Otoni 112,949
4%
Timon 155,429
4%
Turmero 379,500
4%
Vitória de Santo Antão 115,813
4%
Zipaquirá 131,900
4%
Aguachica 109,800
3%
Alagoinhas 129,916
3%
Alvorada 187,315
3%
Apucarana 118,416
3%
Araruama 108,707
3%
Barretos 118,315
3%
Baruta 309,400
3%
Berazategui 180,523
3%
Birigui 116,413
3%
Cachoeirinha 136,258
3%
Calderón 249,941
3%
Camaragibe 147,771
3%
Cambé 104,725
3%
Cariacica 349,420
3%
Castelar 107,786
3%
Catalão 106,426
3%
Catanduva 114,736
3%
Catia La Mar 141,900
3%
Charallave 145,500
3%
Ciénaga 116,700
3%
Colatina 105,197
3%
Conselheiro Lafaiete 126,435
3%
Facatativá 156,000
3%
Fazenda Rio Grande 146,644
3%
Ferraz de Vasconcelos 177,680
3%
Florencio Varela 131,841
3%
Fusagasugá 144,100
3%
Garanhuns 123,146
3%
Guarapari 118,061
3%
Itabira 104,214
3%
Itapecerica da Serra 149,831
3%
Itapetininga 134,401
3%
Itumbiara 104,492
3%
Jequié 144,774
3%
José C. Paz 247,217
3%
La Aurora 116,593
3%
La Tablada 102,542
3%
Los Patios 100,500
3%
Los Teques 230,800
3%
Luís Eduardo Magalhães 104,868
3%
Mariara 114,800
3%
Milagro 159,970
3%
Nossa Senhora do Socorro 188,961
3%
Novo Gama 103,275
3%
Paulínia 109,486
3%
Poços de Caldas 160,094
3%
Pouso Alegre 139,608
3%
Queimados 140,514
3%
Rio das Ostras 156,045
3%
São José de Ribamar 240,840
3%
Sorriso 103,010
3%
Tatuí 120,091
3%
Trujui 105,546
3%
Tucupita 105,600
3%
Turbaco 104,600
3%
Valinhos 121,921
3%
Valle de la Pascua 136,400
3%
Varginha 132,780
3%
Votorantim 125,021
3%
Yaritagua 100,200
3%
Almirante Tamandaré 114,555
2%
Araguari 109,397
2%
Barra Mansa 163,508
2%
Cabudare 200,000
2%
Carora 113,600
2%
Conocoto 121,984
2%
Francisco Morato 164,374
2%
González Catán 238,067
2%
Guacara 196,400
2%
Ibirité 170,099
2%
Igarassu 108,772
2%
Itatiba 117,099
2%
Jandira 118,045
2%
Ocumare del Tuy 127,600
2%
Paço do Lumiar 144,832
2%
Piraquara 108,665
2%
Punta Cardón 113,800
2%
Ramos Mejía 120,346
2%
São Gonçalo do Amarante 105,817
2%
São Pedro da Aldeia 101,149
2%
Sapucaia do Sul 131,667
2%
Senador Canedo 154,556
2%
Sertãozinho 117,731
2%
Simões Filho 112,280
2%
Táriba 109,400
2%
Tinaquillo 105,200
2%
Vespasiano 128,378
2%
Villa del Rosario 112,000
2%
Gregorio de Laferrere 248,362
1%
Isidro Casanova 190,696
1%
Ituzaingó 129,510
1%
Marituba 111,479
1%
Rafael Castillo 147,965
1%
Villa Eduardo Madero 132,905
1%
Virrey del Pino 156,132
1%
No matching quizzes found
Score Distribution
Percent of People with Each Score
Percentile by Number Answered
Your Score History
You have not taken this quiz